| 000 | 00549nam a2200193Ia 4500 | ||
|---|---|---|---|
| 005 | 20250923145252.0 | ||
| 008 | 008 250917s9999 xx 000 0 eng d | ||
| 037 | _aTextual | ||
| 040 |
_aDSWL _beng _cDSWL |
||
| 041 |
_aeng _2eng |
||
| 084 |
_aY12.2SN73, N73 _qDSWL |
||
| 245 | 0 |
_aStatistical Profile of Children and you in India _cby U.N.I.C.E.F. |
|
| 260 |
_aNew Delhi _b U.N.I.C.E.F. _c1973 |
||
| 300 | _aii,106p. | ||
| 365 |
_aINR _b11.7 |
||
| 925 | _g11.7 | ||
| 942 |
_cTEXL _hY12.2SN73, N73 |
||
| 999 |
_c1449245 _d1449245 |
||